| 000 | 00824nam a2200217Ii 4500 | ||
|---|---|---|---|
| 003 | JO-AjNU | ||
| 008 | 230605s9999||||xx |||||||||||||| ||und|| | ||
| 017 | _a2009/10/4493 | ||
| 040 |
_aJO-AjNU _bara _erda _cJO-AjNU |
||
| 041 | _aara | ||
| 050 | 1 | 4 | _aLC4705.5.B87 2010 |
| 100 | 3 |
_aبطرس،بطرس حافظ, _eauthor _928025 |
|
| 245 | 0 | 0 | _aتكييف المناهج للطلبة ذوي الإحتياجات الخاصة |
| 250 | _aط1 | ||
| 264 | 3 | 1 | _aعمان:دار المسيرة للنشر والتوزيع،2010 |
| 300 |
_a536ص _bملحق مصطلحات:ص(509-529) |
||
| 336 |
_atext _btxt _2rdacontent |
||
| 337 |
_aunmediated _bn _2rdamedia |
||
| 338 |
_avolume _bnc _2rdacarrier |
||
| 650 | 4 |
_aالتعليم الخاص-المعوقون-أساليب التدريس-طرق التعلم-المناهج _928026 |
|
| 999 |
_aA10819 _c14387 _d14387 |
||